Ryanair fleet (from WIkipedia) - Statistics

General Stats
  • This quiz has been taken 41 times
    30 since last reset
  • The average score is 7 of 13
Answer Stats
Airline Plane % Correct
Malta Air 737-800
89%
Buzz Air 737-800
89%
Ryanair 737-800
89%
Buzz Air 737-700
72%
Ryanair 737-700
72%
Buzz Air 737 MAX 8
61%
Ryanair 737 MAX 8
61%
Ryanair 737-900
56%
Lauda Europe A320-200
56%
Ryanair 737 MAX 9
39%
Malta Air 737 MAX 200
22%
Ryanair 737 MAX 200
22%
Ryanair 737-900ER
11%
No matching quizzes found
Score Distribution
Percent of People with Each Score
Percentile by Number Answered
Your Score History
You have not taken this quiz since the last reset